| 000 | 00966cab a22002175a 4500 | ||
|---|---|---|---|
| 001 | L137513. | ||
| 008 | 070412e2005 xxk 000 0 eng d | ||
| 020 | _a1741071011 | ||
| 035 | _a(Sirsi) u137513 | ||
| 041 | 0 | _aeng | |
| 100 | 1 | _aZou, Patrick | |
| 245 | 0 | 0 |
_aStudents' perspectives on group assignments in construction management studies _h[electronic resource] |
| 260 |
_aBrisbane _bQueensland University of Technology _c2005 |
||
| 490 |
_aCOBRA _v2005 |
||
| 520 | _aInvestigates the benefits, problems, group formation methods, process progression monitoring and assessment of group assignments using a survey questionnaire distributed to postgraduate coursework students. | ||
| 651 | 4 | _aAUSTRALIA | |
| 690 |
_aConstruction management _96230 |
||
| 700 | 1 | _aDarvish, Hossein | |
| 856 | 4 | 0 |
_uhttps://www.rics.org/Careerseducationandtraining/Students_perspectives_on_group_assignments20051205.htm _zView the item free of charge at www.rics.org... |
| 942 | _n0 | ||
| 999 |
_c78642 _d78642 |
||